| 000 | 00724nam a2200217 a 4500 | ||
|---|---|---|---|
| 999 |
_c10710 _d10710 |
||
| 001 | 10710 | ||
| 003 | BD-JhCC | ||
| 005 | 20190827134017.0 | ||
| 008 | 180811r20121991bg |||| |||| 00| 0 ben d | ||
| 020 | _a9840750267 | ||
| 035 | _a(BD-JhCC)10710 | ||
| 040 |
_aBD-JhCC _dBD-JhCC |
||
| 041 | _aben | ||
| 082 |
_a891.4415 _bFER 2012 |
||
| 245 |
_aফেরদৌসীর শাহনামা / _cঅনূদিত মনিরউদ্দীন ইউসুফ |
||
| 260 |
_aঢাকা : _bবাংলা একাডেমী, _c২০১২. |
||
| 300 |
_a১-৬ খন্ড : _c২১ সেমি. |
||
| 650 | _aBengali Poetry | ||
| 700 | _aইউসুফ, মনিরউদ্দীন | ||
| 942 |
_2ddc _cBK _01 |
||